Forecasting for economics and business (Registro nro. 296961)

Detalles MARC
000 -ENCABEZADO
Número de control [NR] 01049cam a2200265 a 4500
005 - FECHA Y HORA DE LA ÚLTIMA TRANSACCIÓN
control field 20141114132707.0
008 - DE LONGITUD FIJA DE DATOS DE ELEMENTOS - INFORMACIÓN GENERAL
Elementos de longitud fija [NR] 141021s2013 xxuad fr 001 0 eng
020 ## - NUMERO INTERNACIONAL NORMALIZADO PARA LIBROS [R]
Número Internacional Normalizado del libro [NR] 9780131474932
020 ## - NUMERO INTERNACIONAL NORMALIZADO PARA LIBROS [R]
Número Internacional Normalizado del libro [NR] 0131474936
040 ## - FUENTE DE CATALOGACION [NR]
Agencia de catalogación original [NR] CO-BoUCM
Idioma de catalogación [NR] spa
Quien Cataloga Jose A. Gerena
Quien Clasifica Jose A. Gerena
041 0# - CODIGO DE IDIOMA [R]
Código de idioma para texto/pista de sonido o título separado [R] Inglés
100 1# - ASIENTO PRINCIPAL--NOMBRE PERSONAL [NR]
Nombre personal [NR] González-Rivera, Gloria
ID Autoridad 65428
245 10 - MENCION DE TITULO [NR]
Título [NR] Forecasting for economics and business
Mención de responsabilidad, etc. [NR] Gloria Gonzalez-Rivera
260 ## - PUBLICACION, DISTRIBUCION, ETC. (PIE DE IMPRENTA) [R]
Lugar de publicación, distribución, etc. [R] Boston (Massachusetts, Estados Unidos)
Nombre del editor, distribuidor, etc. [R] Pearson
Fecha de publicación, distribución, etc. [R] 2013
300 ## - DESCRIPCION FISICA [R]
Extensión [R] xxii, 490 páginas
Otros detalles físicos [NR] ilustraciones, cuadros, gráficas
490 1# - MENCION DE SERIE [R]
Mención de serie [R] The Pearson series in economics
504 ## - NOTA DE BIBLIOGRAFIA, ETC. [R]
Nota de bibliografía, etc. [NR] Incluye referencias bibliográficas e índices y glosario
650 #7 - ASIENTO SECUNDARIO DE MATERIA - TERMINO TEMATICO [R]
Término temático o nombre geográfico como elemento de entrada [NR] Pronóstico de la economía
9 (RLIN) 22564
650 #7 - ASIENTO SECUNDARIO DE MATERIA - TERMINO TEMATICO [R]
Término temático o nombre geográfico como elemento de entrada [NR] Pronóstico de la economía
Subdivisión geográfica [R] Estados Unidos
9 (RLIN) 65429
650 #7 - ASIENTO SECUNDARIO DE MATERIA - TERMINO TEMATICO [R]
Término temático o nombre geográfico como elemento de entrada [NR] Métodos estadísticos
9 (RLIN) 19458
Subdivisión general [R] Aspectos económicos
651 #4 - ASIENTO SECUNDARIO DE MATERIA - NOMBRE GEOGRAFICO [R]
Nombre geográfico [NR] Estados Unidos
Subdivisión general [R] Condiciones económcas
9 (RLIN) 65430
690 ## - ASUNTO AGREGADO LOCAL DE ENTRADA - TÉRMINO TEMÁTICO (OCLC, RLIN)
9 (RLIN) 42795
Acceso temático local Economía
942 ## - ELEMENTOS DE ENTRADA AGREGADOS (KOHA)
Sistema de clasificación DEWEY
Tema principal Economía
Tipo de ítem principal el descrito en 300a Libro
Edición 1
Clasificación 338.594
Parte restante de la signatura top. G643
Existencias
Total préstamos Signatura topográfica Código de barras Última vez visto Ejemplar Costo de reposición Price effective from Tipo de ítem Perdido Sistema de clasificación Dañado No prestable Tipo de ítem específico Suprimido Ubicación habitual Ubicación actual Localización Fecha de creación Proveedor Forma de adquisición Costo
  338.544 G643 100143999 03/12/2025 Ej.3 229900.00 20/10/2014 Libro   DEWEY     Libro   Claustro Claustro Mezanine 20/10/2014 37 Compra 229900.00
  R 338.544 G643 100143997 03/12/2025 Ej.1 229900.00 20/10/2014 Libro   DEWEY     Libro   Claustro Claustro Mezanine 20/10/2014 37 Compra 229900.00
  338.544 G643 100143998 03/12/2025 Ej.2 229900.00 20/10/2014 Libro   DEWEY     Libro   Claustro Claustro Mezanine 20/10/2014 37 Compra 229900.00
  338.544 G643 100144395 03/12/2025 Ej.4 229900.00 11/11/2014 Libro   DEWEY     Libro   Claustro Claustro Mezanine 11/11/2014 37 Compra 229900.00